Statistics for Title in the Lyrics - Disney Songs

Click here to take the quiz!

General Stats

  • This quiz has been taken 112,042 times
    (109,712 since last reset)
  • The average score is 11 of 15

Answer Stats

MovieLyric% Correct
Aladdin{A} {whole} {new} {world} / A new fantastic point of view
88%
The Lion King{Hakuna} {Matata}! / What a wonderful phrase / {Hakuna} {Matata}! / Ain't no passing craze
86%
Snow White and the
Seven Dwarfs
{Heigh}-{ho}, {Heigh}-{ho} / It's home from work we go
86%
Marry PoppinsJust {a} {spoonful} {of} {sugar} helps the medicine go down 
84%
Beauty and the Beast{Be} {our} {guest}! / Put our service to the test / Tie your napkin 'round your neck, cherie /
And we'll provide the rest
81%
The Little Mermaid{Under} {the} {sea} / Darling it's better / Down where it's wetter
81%
The Lion KingIt's the {circle} {of} {life} / And it moves us all / Through despair and hope /
Through faith and love
79%
Beauty and the BeastTale as old as time / Song as old as rhyme / {Beauty} {and} {the} {Beast}
77%
The Little MermaidSha la la la la la / Don't be scared / You got the mood prepared /
Go on and {kiss} {the} {girl}
71%
Aladdin{Prince} {Ali} / Mighty is he! / Ali Ababwa!
65%
Song of the South{Zip}-{a}-{dee}-{doo}-{dah}, zip-a-dee-ay / My, oh my what a wonderful day
65%
MulanYou're the saddest bunch I ever met / But you can bet before we're through /
Mister, {I}'{ll} {make} {a} {man} {out} {of} {you}
63%
The Lion King{Can} {you} {feel} {the} {love} {tonight}? / The peace the evening brings /
The world, for once, in perfect harmony
57%
Pinocchio{When} {you} {wish} {upon} {a} {star} / Makes no difference who you are
56%
The Hunchback of
Notre Dame
Where they all live unaware / What I'd give / What I'd dare /
Just to live one day {out} {there}
37%

Score Distribution

Percentile by Number Answered

Percent of People with Each Score

Your Score History

You have not taken this quiz since the last reset